[Event "BL2 Ost 1920 (Women)"]
[White "Wolf, Sylvia"]
[Black "Kalkhof, Sandra"]
[Site "Germany"]
[Round "7.6"]
[Result "1-0"]
[Date "2020.02.16"]
[WhiteElo "2020"]
[BlackElo "1878"]
[PlyCount "35"]
[EventDate "2019.09.14"]
[EventType "team-tourn"]
[EventRounds "7"]
[EventCountry "GER"]
[SourceTitle "EXT 2021"]
[Source "ChessBase"]
[SourceDate "2020.10.23"]
[SourceVersion "1"]
[SourceVersionDate "2020.10.23"]
[SourceQuality "1"]
[WhiteTeam "Pankow Rotation (W)"]
[BlackTeam "Leipzig Lindenau (W)"]
[WhiteTeamCountry "GER"]
[BlackTeamCountry "GER"]

1. e4 e5 2. d4 exd4 3. Qxd4 Nc6 4. Qe3 g6 5. Bd2 Bg7 6. Nc3 Nge7 7. 0-0-0 0-0 8. Bc4 d6 9. h4 Ne5 10. Bb3 h6 11. h5 gxh5 12. f4 Ng4 13. Qg3 Ng6 14. Rxh5 Qf6 15. f5 N6e5 16. Nf3 Kh7 17. Nxe5 Nxe5 18. Bg5 1-0

[Event "BL2 Ost 1718 (Women) playoff"]
[White "Kalkhof, Sandra"]
[Black "Fischer, Franziska"]
[Site "Germany"]
[Round "1.6"]
[Result "0-1"]
[Date "2018.04.08"]
[WhiteElo "1878"]
[BlackElo "1726"]
[PlyCount "120"]
[EventDate "2018.04.08"]
[EventType "team-match"]
[EventRounds "1"]
[EventCountry "GER"]
[SourceTitle "CBM 183 Extra"]
[Source "ChessBase"]
[SourceDate "2018.04.19"]
[SourceVersion "1"]
[SourceVersionDate "2018.04.19"]
[SourceQuality "1"]
[WhiteTeam "Leipzig Lindenau (W)"]
[BlackTeam "Chemnitz Aufbau (W)"]
[WhiteTeamCountry "GER"]
[BlackTeamCountry "GER"]

1. e4 e6 2. d4 d5 3. Nc3 Bb4 4. exd5 exd5 5. Bd3 Nf6 6. Nge2 0-0 7. 0-0 b6 8. a3 Be7 9. h3 c5 10. dxc5 bxc5 11. Ng3 Bb7 12. Re1 Re8 13. Nf5 c4 14. Nxe7+ Rxe7 15. Rxe7 Qxe7 16. Bf1 h6 17. Be3 Nbd7 18. Qd2 Nb6 19. Bd4 Re8 20. Qf4 Bc6 21. Rd1 Rd8 22. Bxf6 Qxf6 23. Qxf6 gxf6 24. Rd4 Re8 25. Ne2 Kh7 26. Ng3 Nd7 27. b3 cxb3 28. Bd3+ Kg8 29. cxb3 Nc5 30. b4 Nxd3 31. Rxd3 Kh7 32. f4 Rd8 33. Nf5 Rd7 34. Kf2 Kg6 35. Nd4 Bb7 36. Rg3+ Kh7 37. Rc3 a6 38. a4 Kg6 39. Rg3+ Kh7 40. b5 axb5 41. axb5 Rc7 42. Ra3 Rc4 43. Ke3 Kg6 44. g4 h5 45. Rb3 Rc1 46. Kf2 hxg4 47. hxg4 Rc4 48. Ke3 Rc1 49. Rb4 Rg1 50. f5+ Kg7 51. b6 Rg3+ 52. Kf4 Rc3 53. Rb3 Rc4 54. Ke3 Kf8 55. Kd3 Ke7 56. Rc3 Rxc3+ 57. Kxc3 Kd6 58. Kb4 Ke5 59. Kc5 Kf4 60. Kd6 Ke4 0-1

[Event "BL2 Ost 1718 (Women)"]
[White "Kalkhof, Sandra"]
[Black "Reiss, Viktoria"]
[Site "Germany"]
[Round "4.6"]
[Result "1-0"]
[Date "2018.01.27"]
[WhiteElo "1878"]
[BlackElo "1392"]
[PlyCount "63"]
[EventDate "2017.10.14"]
[EventType "team-tourn"]
[EventRounds "7"]
[EventCountry "GER"]
[SourceTitle "EXT 2019"]
[Source "ChessBase"]
[SourceDate "2018.10.10"]
[SourceVersion "1"]
[SourceVersionDate "2018.10.10"]
[SourceQuality "1"]
[WhiteTeam "Leipzig Lindenau (W)"]
[BlackTeam "Loeberitz (W)"]
[WhiteTeamCountry "GER"]
[BlackTeamCountry "GER"]

1. e4 e6 2. d4 d5 3. Nc3 Nf6 4. exd5 exd5 5. Bd3 c6 6. Bg5 Be7 7. Nge2 0-0 8. 0-0 Nbd7 9. Re1 Re8 10. Ng3 Nf8 11. Nf5 Ng6 12. Nxe7+ Rxe7 13. Bxf6 Rxe1+ 14. Qxe1 gxf6 15. Qe3 Qf8 16. Re1 Be6 17. a3 Qg7 18. Qg3 Kh8 19. Ne2 Rg8 20. Bxg6 Qxg6 21. Qxg6 fxg6 22. Nf4 Bf5 23. c3 Rd8 24. f3 g5 25. Nh5 Rf8 26. Re7 Bg6 27. g4 f5 28. Rxb7 fxg4 29. fxg4 a6 30. Rb6 Bd3 31. Rxc6 Bc4 32. Ng3 1-0

[Event "BL2 Ost 1617 (Women)"]
[White "Kalkhof, Sandra"]
[Black "Moeller, Lisa Marie"]
[Site "Germany"]
[Round "4.5"]
[Result "1-0"]
[Date "2017.01.22"]
[WhiteElo "1862"]
[BlackElo "1697"]
[PlyCount "103"]
[EventDate "2016.10.22"]
[EventType "team-tourn"]
[EventRounds "7"]
[EventCountry "GER"]
[SourceTitle "EXT 2018"]
[Source "ChessBase"]
[SourceDate "2017.10.13"]
[SourceVersion "1"]
[SourceVersionDate "2017.10.13"]
[SourceQuality "1"]
[WhiteTeam "Leipzig Lindenau (W)"]
[BlackTeam "Paderborn (W)"]
[WhiteTeamCountry "GER"]
[BlackTeamCountry "GER"]

1. e4 d5 2. exd5 Qxd5 3. Nc3 Qa5 4. d4 c6 5. Bd2 Qb6 6. Bc1 Nf6 7. Bc4 Bf5 8. Bb3 e6 9. Nge2 Be7 10. 0-0 0-0 11. Be3 Qc7 12. Ng3 Bg6 13. f4 Bd6 14. Qf3 Nbd7 15. Nce4 Nxe4 16. Nxe4 Bxe4 17. Qxe4 Nf6 18. Qf3 c5 19. dxc5 Bxc5 20. c3 Rad8 21. Rad1 Bxe3+ 22. Qxe3 b6 23. h3 Qc6 24. Rxd8 Rxd8 25. Rd1 Rxd1+ 26. Bxd1 Qd6 27. Bf3 h6 28. Kf2 Nd5 29. Bxd5 Qxd5 30. b3 Kf8 31. c4 Qd1 32. Qc3 Qd6 33. Ke3 Qd1 34. Qd2 Qxd2+ 35. Kxd2 a5 36. Kc3 Ke7 37. b4 Kd6 38. c5+ Kc6 39. cxb6 axb4+ 40. Kxb4 Kxb6 41. g3 f6 42. Kc4 Kc6 43. a4 Kb6 44. a5+ Kxa5 45. Kc5 h5 46. Kd6 Kb5 47. Kxe6 Kc5 48. Kf7 Kd5 49. Kxg7 Ke4 50. Kxf6 Kf3 51. Kg5 Kxg3 52. h4 1-0

[Event "BL2 Ost 1617 (Women)"]
[White "Giebel, Christine"]
[Black "Kalkhof, Sandra"]
[Site "Germany"]
[Round "3.5"]
[Result "0-1"]
[Date "2017.01.21"]
[WhiteElo "1808"]
[BlackElo "1862"]
[PlyCount "120"]
[EventDate "2016.10.22"]
[EventType "team-tourn"]
[EventRounds "7"]
[EventCountry "GER"]
[SourceTitle "EXT 2018"]
[Source "ChessBase"]
[SourceDate "2017.10.13"]
[SourceVersion "1"]
[SourceVersionDate "2017.10.13"]
[SourceQuality "1"]
[WhiteTeam "Zoerbig Loeberitz (W)"]
[BlackTeam "Leipzig Lindenau (W)"]
[WhiteTeamCountry "GER"]
[BlackTeamCountry "GER"]

1. e4 e5 2. Nf3 Nf6 3. Nxe5 d6 4. Nf3 Nxe4 5. d4 d5 6. Bd3 Be7 7. 0-0 0-0 8. c4 Nf6 9. h3 dxc4 10. Bxc4 Nd5 11. Nc3 Nb6 12. Bb3 Bf5 13. Ne5 Bf6 14. f4 c6 15. Be3 Na6 16. g4 Be6 17. Bxe6 fxe6 18. Qb3 Qe7 19. g5 Bxe5 20. dxe5 Nd5 21. Ne4 Nxe3 22. Qxe3 Nb4 23. Qc5 Nd5 24. Qxe7 Nxe7 25. Nc5 Nd5 26. Nxe6 Rf7 27. Rf2 Re8 28. f5 Ne3 29. Re1 Nxf5 30. Nc5 g6 31. Ne4 Kg7 32. Nf6 Re6 33. Rd2 b6 34. Rd8 Rf8 35. Rxf8 Kxf8 36. Nxh7+ Ke7 37. Nf6 Nd4 38. Kf2 c5 39. Ng4 Rc6 40. Rd1 Ke6 41. Ke3 Rc8 42. Ke4 Rh8 43. Nh6 Rf8 44. b4 Nb5 45. Rc1 cxb4 46. Rc6+ Kd7 47. Rxg6 Nc3+ 48. Ke3 Nxa2 49. Rg7+ Ke6 50. Rxa7 b3 51. Ra3 Nc1 52. Kd2 Rc8 53. Ra1 Rc2+ 54. Kd1 Na2 55. g6 Rg2 56. g7 Rxg7 57. Ng4 Rc7 58. Kd2 Rc2+ 59. Kd1 b2 60. Rb1 Rc1+ 0-1

[Event "BL2 Ost 1516 (Women)"]
[White "Mai, Iris"]
[Black "Kalkhof, Sandra"]
[Site "Germany"]
[Round "6.5"]
[Result "1/2-1/2"]
[Date "2016.02.27"]
[WhiteElo "2100"]
[BlackElo "1873"]
[PlyCount "99"]
[EventDate "2015.09.26"]
[EventType "team-tourn"]
[EventRounds "7"]
[EventCountry "GER"]
[SourceTitle "EXT 2017"]
[Source "ChessBase"]
[SourceDate "2016.10.25"]
[SourceVersion "1"]
[SourceVersionDate "2016.10.25"]
[SourceQuality "1"]
[WhiteTeam "Berlin Rotation (W)"]
[BlackTeam "Leipzig Lindenau (W)"]
[WhiteTeamCountry "GER"]
[BlackTeamCountry "GER"]

1. d4 Nf6 2. Nf3 d5 3. c4 e6 4. Nc3 Nbd7 5. Bg5 Be7 6. Qc2 0-0 7. e3 c6 8. Bd3 h6 9. Bh4 dxc4 10. Bxc4 Nd5 11. Bxe7 Qxe7 12. 0-0 Nxc3 13. Qxc3 Re8 14. Rfd1 Qf6 15. Rac1 Nb6 16. Be2 Bd7 17. Ne5 Rec8 18. Bf3 Be8 19. Qa3 Nd5 20. Rc2 Qe7 21. Qxe7 Nxe7 22. Rdc1 f6 23. Nc4 Rd8 24. b4 Bg6 25. Rc3 Kf8 26. a4 Nd5 27. Rb3 Rab8 28. Na5 Be8 29. Rb2 Ke7 30. g3 Nb6 31. Ra2 Nd5 32. Rb2 Nb6 33. Ra1 a6 34. Nb3 Rd6 35. Nc5 Nd7 36. a5 e5 37. Ne4 Rd5 38. Nc3 Rd6 39. Ne4 Rd5 40. Nd2 exd4 41. Bxd5 dxe3 42. Re1 cxd5 43. Rxe3+ Kd6 44. b5 axb5 45. Rxb5 Kc6 46. Rb2 Kd6 47. a6 Ne5 48. Rxb7 Ra8 49. a7 Bc6 50. Rxg7 1/2-1/2

[Event "BL2 Ost 1314 (Women)"]
[White "Umpfenbach, Caroline"]
[Black "Kalkhof, Sandra"]
[Site "Germany"]
[Round "2.5"]
[Result "1-0"]
[Date "2013.12.01"]
[WhiteElo "2117"]
[BlackElo "1876"]
[PlyCount "115"]
[EventDate "2013.11.30"]
[EventType "team-tourn"]
[EventRounds "7"]
[EventCountry "GER"]
[SourceTitle "EXT 2018"]
[Source "ChessBase"]
[SourceDate "2017.10.13"]
[SourceVersion "1"]
[SourceVersionDate "2017.10.13"]
[SourceQuality "1"]
[WhiteTeam "Erfurt Medizin (W)"]
[BlackTeam "Leipzig Lindenau (W)"]
[WhiteTeamCountry "GER"]
[BlackTeamCountry "GER"]

1. d4 Nf6 2. c4 e5 3. dxe5 Ng4 4. Nf3 Bc5 5. e3 Nc6 6. a3 a5 7. Nc3 Ngxe5 8. Bd2 0-0 9. Be2 d6 10. Na4 Be6 11. Qc2 Qe7 12. b3 Bg4 13. Nxe5 Nxe5 14. Bxg4 Nxg4 15. Nxc5 dxc5 16. h3 Nf6 17. a4 Qe4 18. Qxe4 Nxe4 19. Rd1 Rfd8 20. f3 Nxd2 21. Rxd2 Rxd2 22. Kxd2 f6 23. g4 Kf7 24. f4 Ke6 25. Rc1 Rd8+ 26. Ke2 Rd6 27. Rc3 h6 28. h4 f5 29. gxf5+ Kxf5 30. Kf3 Rd1 31. e4+ Kf6 32. Re3 Rf1+ 33. Kg3 g6 34. h5 Rg1+ 35. Kf2 Rg4 36. e5+ Ke6 37. Kf3 gxh5 38. Ke4 h4 39. Rh3 h5 40. Rh1 c6 41. Rh3 Ke7 42. Kf5 Kf7 43. e6+ Ke7 44. Rd3 Ke8 45. Rh3 Ke7 46. Ke5 Rg3 47. Rxh4 Re3+ 48. Kf5 Rxe6 49. Rxh5 Rf6+ 50. Ke4 Kd6 51. f5 Rf7 52. Rh6+ Kd7 53. Ke5 Re7+ 54. Kf6 Re3 55. Rh7+ Kc8 56. Kg7 Rxb3 57. f6 b5 58. f7 1-0

[Event "BL2 Ost 1314 (Women)"]
[White "Kalkhof, Sandra"]
[Black "Timme, Karin"]
[Site "Germany"]
[Round "1.5"]
[Result "1/2-1/2"]
[Date "2013.11.30"]
[WhiteElo "1876"]
[BlackElo "2110"]
[PlyCount "116"]
[EventDate "2013.11.30"]
[EventType "team-tourn"]
[EventRounds "7"]
[EventCountry "GER"]
[SourceTitle "EXT 2018"]
[Source "ChessBase"]
[SourceDate "2017.10.13"]
[SourceVersion "1"]
[SourceVersionDate "2017.10.13"]
[SourceQuality "1"]
[WhiteTeam "Leipzig Lindenau (W)"]
[BlackTeam "Torgelow Droegeheide (W)"]
[WhiteTeamCountry "GER"]
[BlackTeamCountry "GER"]

1. e4 c6 2. d4 d5 3. Nc3 dxe4 4. Nxe4 Bf5 5. Ng3 g6 6. Nf3 e6 7. Nxf5 gxf5 8. Bd2 Nd7 9. Bd3 Bg7 10. Qe2 Ne7 11. 0-0-0 h6 12. Ne5 Nxe5 13. dxe5 Qd5 14. Bc4 Qxe5 15. Qxe5 Bxe5 16. Rhe1 Bf6 17. Re3 Rd8 18. Rh3 h5 19. a4 b6 20. c3 h4 21. Kc2 Rg8 22. g3 Rh8 23. f4 Nd5 24. Re1 Ke7 25. Bd3 Kf8 26. Re2 Ne7 27. Be3 hxg3 28. Rxh8+ Bxh8 29. hxg3 Bf6 30. a5 Nd5 31. axb6 axb6 32. Bc4 b5 33. Bb3 Ke7 34. Bc5+ Kd7 35. c4 bxc4 36. Bxc4 Rg8 37. Bf2 Rb8 38. Kc1 Rh8 39. Rd2 Kc7 40. Bc5 Rh1+ 41. Kc2 Rh3 42. Rg2 Bh8 43. Bd3 Nf6 44. Bd4 Ng4 45. Bc5 Rh2 46. Rxh2 Nxh2 47. Be2 Ng4 48. b3 Kd7 49. Bd3 Bf6 50. Kd2 Be7 51. Bd4 Kd6 52. Bc4 c5 53. Be3 f6 54. Ba6 Bd8 55. Ke2 Bb6 56. Bc4 Ba5 57. Bf2 Bc3 58. Ba6 Bb4 1/2-1/2

[Event "BL2 Ost 0809 (Women)"]
[White "Kalkhof, Sandra"]
[Black "Neumeyer, Hannelore"]
[Site "Germany"]
[Round "5.3"]
[Result "0-1"]
[Date "2009.01.04"]
[WhiteElo "1888"]
[BlackElo "2073"]
[PlyCount "78"]
[EventDate "2008.11.08"]
[EventType "team-tourn"]
[EventRounds "7"]
[EventCountry "GER"]
[SourceTitle "EXT 2010"]
[Source "ChessBase"]
[SourceDate "2010.11.25"]
[SourceVersion "1"]
[SourceVersionDate "2010.11.25"]
[SourceQuality "1"]
[WhiteTeam "Leipzig Mitte (W)"]
[BlackTeam "Leipzig Lindenau (W)"]
[WhiteTeamCountry "GER"]
[BlackTeamCountry "GER"]

1. e4 e5 2. Nf3 f5 3. Nxe5 Qf6 4. d4 d6 5. Nf3 fxe4 6. Qe2 Be7 7. Nfd2 d5 8. c3 Qf7 9. b3 Nf6 10. h3 0-0 11. Ba3 Nc6 12. g4 Bd7 13. Bg2 Rae8 14. Nf1 b5 15. Bxe7 Rxe7 16. b4 Rfe8 17. Ne3 Nd8 18. Nd2 Ne6 19. Nf5 Nf4 20. Nxe7+ Qxe7 21. Qf1 e3 22. fxe3 Qxe3+ 23. Kd1 Qxc3 24. Rc1 Qxd4 25. Rxc7 Nd3 26. Nf3 Nf2+ 27. Kc2 Qe4+ 28. Kb3 Nxh1 29. Bxh1 d4 30. Nh4 Be6+ 31. Kb2 Qe5 32. Rc5 Qh2+ 33. Bg2 Bc4 34. Rxc4 bxc4 35. Qxc4+ Kh8 36. Qf1 Qg3 37. Nf3 d3 38. Kc1 Qc7+ 39. Kd2 Qc2# 0-1

[Event "BL2 Ost 0708 (Women)"]
[White "Busse, Nadine"]
[Black "Kalkhof, Sandra"]
[Site "Germany"]
[Round "6.3"]
[Result "1/2-1/2"]
[Date "2008.03.15"]
[WhiteElo "1928"]
[BlackElo "1894"]
[PlyCount "88"]
[EventDate "2007.11.10"]
[EventType "team-tourn"]
[EventRounds "7"]
[EventCountry "GER"]
[SourceTitle "EXT 2009"]
[Source "ChessBase"]
[SourceDate "2008.11.26"]
[SourceVersion "1"]
[SourceVersionDate "2008.11.26"]
[SourceQuality "1"]
[WhiteTeam "Ruedersdorf (W)"]
[BlackTeam "Leipzig Mitte (W)"]
[WhiteTeamCountry "GER"]
[BlackTeamCountry "GER"]

1. e4 e5 2. Nc3 Nc6 3. Bc4 Bc5 4. d3 h6 5. Na4 Qe7 6. a3 a6 7. Nxc5 Qxc5 8. Be3 Qe7 9. Ne2 Nf6 10. f3 d6 11. Qd2 Be6 12. b4 0-0 13. 0-0 Rfd8 14. Bxe6 fxe6 15. Kh1 Rd7 16. d4 exd4 17. Bxd4 Nxd4 18. Nxd4 Rad8 19. Nb3 e5 20. Rad1 Qf7 21. Qe3 Rf8 22. Nd2 Qe6 23. Rfe1 Nh5 24. Nf1 Rdf7 25. Qd2 Nf4 26. Ne3 Kh7 27. c4 Rd7 28. Nd5 Qf7 29. Kg1 Ne6 30. Rf1 g5 31. Ne3 Nd4 32. Nc2 c5 33. Nxd4 cxd4 34. c5 dxc5 35. bxc5 Rc8 36. Qb4 Qe7 37. Rc1 Rdc7 38. Rb1 Qxc5 39. Qxc5 Rxc5 40. Rxb7+ Kg6 41. Rfb1 Rc1+ 42. Rxc1 Rxc1+ 43. Kf2 Rc2+ 44. Kf1 Rc1+ 1/2-1/2

[Event "Leipzig VfB op 14th"]
[White "Kalkhof, Sandra"]
[Black "Neubauer, Ralf"]
[Site "Leipzig"]
[Round "8"]
[Result "1/2-1/2"]
[Date "2007.03.24"]
[WhiteElo "1883"]
[BlackElo "2054"]
[PlyCount "86"]
[EventDate "2007.03.20"]
[EventType "swiss"]
[EventRounds "9"]
[EventCountry "GER"]
[SourceTitle "EXT 2008"]
[Source "ChessBase"]
[SourceDate "2007.11.25"]
[SourceVersion "1"]
[SourceVersionDate "2007.11.25"]
[SourceQuality "1"]

1. e4 d6 2. d4 Nf6 3. Nc3 g6 4. Nf3 Bg7 5. h3 0-0 6. Be3 c6 7. a4 b6 8. Qd2 Re8 9. Rd1 Ba6 10. Bxa6 Nxa6 11. e5 Nd7 12. exd6 exd6 13. 0-0 Nc7 14. Rfe1 d5 15. Bg5 f6 16. Rxe8+ Qxe8 17. Re1 Qf7 18. Bf4 Ne6 19. Bd6 Re8 20. Re2 h5 21. Qe1 Bh6 22. Na2 Ng7 23. Nb4 Rxe2 24. Qxe2 Nf5 25. Bh2 c5 26. dxc5 Nxc5 27. b3 Bf8 28. Nc6 Ne4 29. g4 hxg4 30. hxg4 Nfd6 31. Nfd4 Qd7 32. f3 Ng5 33. Bg3 f5 34. Ne5 Qh7 35. Qh2 Qg7 36. Bf4 Ndf7 37. Kg2 fxg4 38. fxg4 Ne4 39. Ne6 Qf6 40. Nxf8 Nxe5 41. Qh6 Nxg4 42. Qxg6+ Qxg6 43. Nxg6 Kf7 1/2-1/2

[Event "Leipzig VfB op 14th"]
[White "Kalkhof, Sandra"]
[Black "Sabrowski, Uwe"]
[Site "Leipzig"]
[Round "7"]
[Result "0-1"]
[Date "2007.03.24"]
[WhiteElo "1883"]
[BlackElo "2129"]
[PlyCount "52"]
[EventDate "2007.03.20"]
[EventType "swiss"]
[EventRounds "9"]
[EventCountry "GER"]
[SourceTitle "EXT 2008"]
[Source "ChessBase"]
[SourceDate "2007.11.25"]
[SourceVersion "1"]
[SourceVersionDate "2007.11.25"]
[SourceQuality "1"]

1. e4 c5 2. Nf3 e6 3. d4 cxd4 4. Nxd4 Bc5 5. Nb3 Bb6 6. Be2 Ne7 7. Nc3 0-0 8. Bf4 d5 9. exd5 Nxd5 10. Nxd5 exd5 11. Nd4 Nc6 12. c3 Nxd4 13. cxd4 Qf6 14. Be3 Ba5+ 15. Bd2 Bc7 16. Be3 Qh4 17. Bf3 Re8 18. Qd2 Ba5 19. Qxa5 Rxe3+ 20. Kf1 Rxf3 21. gxf3 Bh3+ 22. Ke1 Re8+ 23. Kd1 Qxf2 24. Re1 Qxf3+ 25. Kc2 Bf5+ 26. Kc1 Rc8+ 0-1

[Event "BL2 Gr02 0506 (Women)"]
[White "Janssen, Lieselotte"]
[Black "Kalkhof, Sandra"]
[Site "Germany"]
[Round "5.4"]
[Result "1-0"]
[Date "2006.01.22"]
[WhiteElo "1792"]
[BlackElo "1797"]
[PlyCount "119"]
[EventDate "2005.10.29"]
[EventType "team-tourn"]
[EventRounds "7"]
[EventCountry "GER"]
[SourceTitle "EXT 2007"]
[Source "ChessBase"]
[SourceDate "2006.11.23"]
[SourceVersion "1"]
[SourceVersionDate "2006.11.23"]
[SourceQuality "1"]
[WhiteTeam "Leipzig Lindenau"]
[BlackTeam "Leipzig Lok Mitte"]
[WhiteTeamCountry "GER"]
[BlackTeamCountry "GER"]

1. d4 Nf6 2. c4 e5 3. dxe5 Ng4 4. Nf3 Bc5 5. e3 Nc6 6. a3 a5 7. Nc3 Ngxe5 8. Be2 0-0 9. 0-0 Re8 10. b3 d6 11. Bb2 Nxf3+ 12. Bxf3 Ne5 13. Ne4 Bb6 14. Qe2 Qe7 15. Nc3 Nxf3+ 16. Qxf3 c6 17. Rfd1 Bc7 18. Qg3 Qe5 19. Qxe5 Rxe5 20. Ne2 Re7 21. Nf4 Bf5 22. h3 Bc2 23. Rdc1 Bf5 24. b4 Rd8 25. Bc3 a4 26. Bd4 d5 27. Nh5 Be5 28. Bxe5 Rxe5 29. Ng3 Bd3 30. c5 d4 31. exd4 Rxd4 32. Re1 Rxe1+ 33. Rxe1 Kf8 34. Rd1 Rd5 35. Nf1 Ke7 36. Ne3 Rd7 37. f4 Kd8 38. Ng4 f6 39. Kf2 Kc7 40. Ke3 Bf5 41. Rxd7+ Bxd7 42. Nf2 Be6 43. Nd1 b5 44. cxb6+ Kxb6 45. Kd4 Bb3 46. Nc3 Bc2 47. Ne2 Bg6 48. g4 Bc2 49. Ng3 Bg6 50. h4 Kb5 51. f5 Be8 52. Ne4 Kb6 53. Nc3 h5 54. Nxa4+ Kb5 55. Nc3+ Kb6 56. gxh5 Bxh5 57. a4 Be8 58. a5+ Ka6 59. Ne4 Bd7 60. Nc5+ 1-0

[Event "Leipzig VfB op 12th"]
[White "Kalkhof, Sandra"]
[Black "Kripfganz, Sebastian"]
[Site "Leipzig"]
[Round "8"]
[Result "1/2-1/2"]
[Date "2005.03.05"]
[WhiteElo "1885"]
[BlackElo "2047"]
[PlyCount "59"]
[EventDate "2005.01.03"]
[EventType "swiss"]
[EventRounds "9"]
[EventCountry "GER"]
[SourceTitle "EXT 2008"]
[Source "ChessBase"]
[SourceDate "2007.11.25"]
[SourceVersion "1"]
[SourceVersionDate "2007.11.25"]
[SourceQuality "1"]

1. e4 c5 2. Nf3 Nc6 3. d4 cxd4 4. Nxd4 Nf6 5. Nc3 d6 6. Bg5 e6 7. Qd2 Be7 8. 0-0-0 0-0 9. Bc4 a6 10. Kb1 Nxd4 11. Qxd4 Qa5 12. Bd2 Qc7 13. f3 b5 14. Bb3 Rb8 15. h4 a5 16. a4 Bd7 17. axb5 Bxb5 18. h5 Nd7 19. Nxb5 Rxb5 20. Bc3 e5 21. Qc4 Qxc4 22. Bxc4 Rc5 23. Bd5 Nb6 24. Rd3 Rfc8 25. Bb3 a4 26. Ba2 a3 27. Bb3 axb2 28. Bxb2 Nc4 29. Rhd1 Nxb2 30. Kxb2 1/2-1/2

[Event "Leipzig VfB op 12th"]
[White "Kalkhof, Sandra"]
[Black "Schlegel, Harald"]
[Site "Leipzig"]
[Round "2"]
[Result "0-1"]
[Date "2005.03.02"]
[WhiteElo "1885"]
[BlackElo "1547"]
[PlyCount "74"]
[EventDate "2005.01.03"]
[EventType "swiss"]
[EventRounds "9"]
[EventCountry "GER"]
[SourceTitle "EXT 2008"]
[Source "ChessBase"]
[SourceDate "2007.11.25"]
[SourceVersion "1"]
[SourceVersionDate "2007.11.25"]
[SourceQuality "1"]

1. e4 Nf6 2. e5 Nd5 3. c4 Nb6 4. c5 Nd5 5. Bc4 e6 6. d4 Nc6 7. Nf3 Be7 8. 0-0 d6 9. cxd6 cxd6 10. Qe2 0-0 11. Qe4 Ndb4 12. exd6 Qxd6 13. Nc3 Na5 14. Bf4 Qc6 15. Qxc6 bxc6 16. Be2 Ba6 17. Bxa6 Nxa6 18. a3 Nb3 19. Rad1 Rfd8 20. Ne2 c5 21. dxc5 Naxc5 22. Nfd4 Bf6 23. Be3 Nxd4 24. Bxd4 Bxd4 25. Nxd4 Na4 26. b3 Nc3 27. Rd2 Rxd4 28. Rc2 Nd5 29. Rfc1 g6 30. g3 a5 31. Rc5 Rd3 32. Rb1 Rb8 33. b4 axb4 34. axb4 Rxb4 35. Rc8+ Kg7 36. Ra1 Rc3 37. Re8 Rb7 0-1

[Event "Leipzig VfB op 12th"]
[White "Lehmann, Karl Heinz"]
[Black "Kalkhof, Sandra"]
[Site "Leipzig"]
[Round "1"]
[Result "1-0"]
[Date "2005.03.01"]
[WhiteElo "2229"]
[BlackElo "1885"]
[PlyCount "71"]
[EventDate "2005.01.03"]
[EventType "swiss"]
[EventRounds "9"]
[EventCountry "GER"]
[SourceTitle "EXT 2008"]
[Source "ChessBase"]
[SourceDate "2007.11.25"]
[SourceVersion "1"]
[SourceVersionDate "2007.11.25"]
[SourceQuality "1"]

1. d4 Nf6 2. Nf3 e6 3. g3 d5 4. Bg2 Nbd7 5. 0-0 Bd6 6. c4 dxc4 7. Nbd2 0-0 8. Nxc4 Re8 9. b3 Nf8 10. Qc2 c6 11. Nxd6 Qxd6 12. e4 Qd7 13. Bb2 Rd8 14. a4 Ng6 15. Rfd1 Qe7 16. Ba3 Qe8 17. Ne5 Nxe5 18. dxe5 Rxd1+ 19. Qxd1 Nd7 20. Qd6 Nf8 21. Rd1 b6 22. Bf1 Bb7 23. b4 Rc8 24. f3 h6 25. a5 b5 26. Bc1 a6 27. Be3 c5 28. Bxc5 Qc6 29. Qxc6 Bxc6 30. Kf2 Nd7 31. Bd6 f6 32. exf6 gxf6 33. Bf4 h5 34. Bh3 Kf7 35. Rd6 Nf8 36. Bh6 1-0

[Event "GER-chT2 (Women) 0405"]
[White "Kalkhof, Sandra"]
[Black "Lange, Corinna"]
[Site "Germany"]
[Round "1"]
[Result "0-1"]
[Date "2004.11.06"]
[WhiteElo "1849"]
[BlackElo "2142"]
[PlyCount "78"]
[EventDate "2004.11.06"]
[EventType "team-tourn"]
[EventRounds "9"]
[EventCountry "GER"]
[SourceTitle "EXT 2006"]
[Source "ChessBase"]
[SourceDate "2005.11.24"]
[SourceVersion "1"]
[SourceVersionDate "2005.11.24"]
[SourceQuality "1"]

1. e4 e6 2. d4 d5 3. Nc3 Bb4 4. exd5 exd5 5. Bd3 Ne7 6. Nge2 0-0 7. 0-0 c6 8. Bf4 Bd6 9. Qd2 Bf5 10. Rfe1 Bxd3 11. Qxd3 Ng6 12. Bxd6 Qxd6 13. Qg3 Qb4 14. Rab1 Nd7 15. a3 Qb6 16. Qd3 Nf6 17. b4 Qc7 18. Qg3 Qd7 19. Nf4 Qf5 20. Nxg6 fxg6 21. Re2 Nh5 22. Qe5 Nf4 23. Rd2 Qf7 24. Qe3 Rae8 25. Qg3 Re6 26. h4 Qe7 27. Rf1 g5 28. hxg5 Rg6 29. Qe3 Qxg5 30. g3 Re6 31. Nxd5 Qxd5 32. gxf4 Rxe3 33. fxe3 Rf6 34. Rff2 Qe4 35. Rd3 Rg6+ 36. Kf1 Qh1+ 37. Ke2 Rg2 38. Rxg2 Qxg2+ 39. Kd1 h5 0-1

[Event "Leipzig VfB op 10th"]
[White "Didt, Hartmut"]
[Black "Kalkhof, Sandra"]
[Site "Leipzig"]
[Round "9"]
[Result "1/2-1/2"]
[Date "2003.03.16"]
[WhiteElo "1594"]
[BlackElo "1841"]
[PlyCount "109"]
[EventDate "2003.03.11"]
[EventType "swiss"]
[EventRounds "9"]
[EventCountry "GER"]
[SourceTitle "EXT 2008"]
[Source "ChessBase"]
[SourceDate "2007.11.25"]
[SourceVersion "1"]
[SourceVersionDate "2007.11.25"]
[SourceQuality "1"]

1. e4 e5 2. Nf3 Nf6 3. Nxe5 d6 4. Nc4 Nxe4 5. Nc3 Nxc3 6. dxc3 Be7 7. Bd3 Be6 8. 0-0 Nc6 9. Bf4 Bf6 10. Qe2 0-0 11. Rfd1 Bxc4 12. Bxc4 Ne5 13. Bb3 Re8 14. Qd2 Re7 15. Bxe5 Rxe5 16. Re1 c6 17. Rxe5 dxe5 18. Rd1 Qxd2 19. Rxd2 Rd8 20. Rxd8+ Bxd8 21. Kf1 Bg5 22. Bc4 Bc1 23. b3 Bd2 24. Ke2 Bxc3 25. Kd3 Ba5 26. Ke4 Bc7 27. Be2 g6 28. g4 Kf8 29. a4 Ke7 30. h3 Kf6 31. Bc4 h6 32. f3 Ba5 33. Ke3 Be1 34. f4 exf4+ 35. Kxf4 Ke7 36. Ke4 Bc3 37. Kf4 a6 38. Ke4 Bb4 39. Kf4 b5 40. axb5 axb5 41. Bd3 Bc3 42. Be4 Kd6 43. Bd3 Bd2+ 44. Kf3 Ke5 45. Be4 c5 46. Bc6 b4 47. Be8 Ke6 48. Ke4 f5+ 49. gxf5+ gxf5+ 50. Kf3 Ke5 51. Bb5 Kd4 52. Bd3 f4 53. Bg6 Kc3 54. Bf5 Be3 55. Bg6 1/2-1/2

[Event "Leipzig VfB op 10th"]
[White "Kalkhof, Sandra"]
[Black "Grosse, Marcus"]
[Site "Leipzig"]
[Round "7"]
[Result "1-0"]
[Date "2003.03.15"]
[WhiteElo "1841"]
[BlackElo "1634"]
[PlyCount "41"]
[EventDate "2003.03.11"]
[EventType "swiss"]
[EventRounds "9"]
[EventCountry "GER"]
[SourceTitle "EXT 2008"]
[Source "ChessBase"]
[SourceDate "2007.11.25"]
[SourceVersion "1"]
[SourceVersionDate "2007.11.25"]
[SourceQuality "1"]

1. e4 c5 2. Nf3 e6 3. d4 cxd4 4. Nxd4 a6 5. Nc3 Qc7 6. Be2 d6 7. 0-0 Nf6 8. Kh1 Be7 9. f4 0-0 10. Bf3 Nbd7 11. Qe1 Rb8 12. a4 b6 13. e5 dxe5 14. Nc6 Bc5 15. Nxb8 Qxb8 16. Qg3 Bd6 17. Be2 Bb7 18. fxe5 Nxe5 19. Bf4 Nc4 20. Bxd6 Nxd6 21. Rxf6 1-0